000 00377nam a22001577a 4500
999 _c9204
_d9204
003 OSt
008 201119b ||||| |||| 00| 0 eng d
020 _a978818045022
100 _aBhardwaj, Rakesh
245 _aPhysical Chemistry B.Sc.1 Sem. I
250 _a9th Ed.
260 _aNew Delhi
_bR Chand
_c2020
300 _aMisc
650 _aB.Sc. Non Medical
942 _2ddc
_cBK